000 00538nam a22001937a 4500
003 KOHA_MİRAKIL
005 20250930163845.0
008 250930b tu ||||| |||| 00| 0 tur d
020 _a9786052602898
040 _aTR-AnABB
_btur
_cTR-AnABB
041 _atur
082 _a813.42
_bCIR 2021
100 1 _aÇırak, Özgür,
245 1 0 _aOrmandan gece gelen /
_cÖzgür Çırak
260 _aİstanbul :
_bNota Bene Yayınları,
_c2021
300 _a93 sayfa ;
_c19 cm
650 0 4 _aTürk edebiyatı, roman
942 _2ddc
_cBK
999 _c9001
_d9001
900 _bGizem YORULMAZ